000
00262nam a2200109Ia 4500
008
200302s9999 xx 000 0 und d
100
_a
M G Shah & C M Kale
245
_a
RCC Theory And Design
260
_b
Trinity Press Ltd.,
260
_c
2015
300
_a
400 P.,
999
_c
4212
_d
4212